[Event "Kaluga Tsiolkovsky Memorial op"]
[Site "Kaluga"]
[Date "2007.08.05"]
[Round "3"]
[White "Sakov, Anatolij J"]
[Black "Losev, Dmitry"]
[Result "1-0"]
[WhiteElo "2122"]
[BlackElo "2376"]
[PlyCount "53"]
[EventDate "2007.08.03"]
[EventType "swiss"]
[EventRounds "9"]
[EventCountry "RUS"]
[SourceTitle "CBM 119 Extra"]
[Source "ChessBase"]
[SourceDate "2007.09.04"]
[SourceVersion "1"]
[SourceVersionDate "2007.09.04"]
[SourceQuality "1"]

1. d4 g6 2. c4 Bg7 3. Nc3 d6 4. e4 Nc6 5. Nf3 e5 6. d5 Nce7 7. Be2 c5 8. dxc6 bxc6 9. 0-0 f5 10. c5 d5 11. exd5 cxd5 12. Bb5+ Bd7 13. Ng5 Qc8 14. Ne6 Kf7 15. Nxg7 Bxb5 16. Nxb5 Kxg7 17. Qe2 Nc6 18. f4 Nf6 19. fxe5 Ne4 20. Be3 a6 21. Nd6 Qe6 22. Nxe4 dxe4 23. Rad1 Qxe5 24. Rd7+ Kf8 25. Qc4 Nd8 26. Bd4 Qe8 27. Bg7# 1-0

[Event "Kaluga Tsiolkovsky Memorial op"]
[Site "Kaluga"]
[Date "2007.08.03"]
[Round "1"]
[White "Sakov, Anatolij J"]
[Black "Dvalishvili, Pavel S"]
[Result "0-1"]
[WhiteElo "2122"]
[BlackElo "2472"]
[PlyCount "82"]
[EventDate "2007.08.03"]
[EventType "swiss"]
[EventRounds "9"]
[EventCountry "RUS"]
[SourceTitle "CBM 119 Extra"]
[Source "ChessBase"]
[SourceDate "2007.09.04"]
[SourceVersion "1"]
[SourceVersionDate "2007.09.04"]
[SourceQuality "1"]

1. e4 c5 2. Nf3 e6 3. d4 cxd4 4. Nxd4 Nf6 5. Nc3 Bb4 6. Bd3 d5 7. exd5 Nxd5 8. Bd2 Nxc3 9. bxc3 Be7 10. 0-0 0-0 11. f4 Nc6 12. Nxc6 bxc6 13. Qe2 g6 14. Kh1 Bf6 15. Be4 Qa5 16. Qf3 Ba6 17. Rfb1 Rad8 18. Be1 c5 19. a4 Bc4 20. Ra3 Rd6 21. Rd1 Rfd8 22. Rxd6 Rxd6 23. h3 Qb6 24. Ra1 Qb2 25. Rd1 Rxd1 26. Qxd1 Bxc3 27. Bf2 Bd4 28. Bxd4 cxd4 29. Kh2 a5 30. Qe1 Qc3 31. Qh4 Qe3 32. Bc6 Kg7 33. Qg5 Be2 34. Qxa5 Qxf4+ 35. Kh1 h5 36. Qc5 g5 37. Bb5 Bxb5 38. axb5 e5 39. Qe7 g4 40. h4 e4 41. b6 g3 0-1

[Event "Moscow-ch"]
[Site "Moscow"]
[Date "1999.??.??"]
[Round "3"]
[White "Sakov, Anatolij J"]
[Black "Kunin, Vitaly L"]
[Result "0-1"]
[WhiteElo "2134"]
[BlackElo "2239"]
[PlyCount "58"]
[EventDate "1999.??.??"]
[EventType "swiss"]
[EventRounds "9"]
[EventCountry "RUS"]
[SourceTitle "EXT 2001"]
[Source "ChessBase"]
[SourceDate "2000.11.22"]
[SourceVersion "1"]
[SourceVersionDate "2000.11.22"]
[SourceQuality "1"]

1. e4 c5 2. Nf3 Nf6 3. e5 Nd5 4. Nc3 Nxc3 5. dxc3 Nc6 6. Bf4 Qc7 7. Bc4 e6 8. Qd2 h6 9. h4 b6 10. 0-0-0 Bb7 11. Qe2 0-0-0 12. Ba6 d5 13. Bxb7+ Qxb7 14. Kb1 b5 15. Rhe1 Be7 16. h5 Kc7 17. Bg3 a5 18. Bh4 Bxh4 19. Nxh4 Rb8 20. b3 a4 21. f4 axb3 22. cxb3 c4 23. b4 d4 24. f5 Rhe8 25. Qg4 dxc3 26. Rd6 Qa7 27. Qd1 Red8 28. fxe6 fxe6 29. Qg4 Qf2 0-1

[Event "Moscow-ch"]
[Site "Moscow"]
[Date "1999.??.??"]
[Round "6"]
[White "Semin, Gennadiy Vladimirov"]
[Black "Sakov, Anatolij J"]
[Result "1-0"]
[WhiteElo "2280"]
[BlackElo "2134"]
[PlyCount "106"]
[EventDate "1999.??.??"]
[EventType "swiss"]
[EventRounds "9"]
[EventCountry "RUS"]
[SourceTitle "EXT 2001"]
[Source "ChessBase"]
[SourceDate "2000.11.22"]
[SourceVersion "1"]
[SourceVersionDate "2000.11.22"]
[SourceQuality "1"]

1. d4 d5 2. c4 e6 3. Nc3 Be7 4. Nf3 c6 5. e4 dxe4 6. Nxe4 Nf6 7. Bd3 Nbd7 8. 0-0 0-0 9. Qe2 c5 10. Rd1 cxd4 11. Nxd4 Qa5 12. Bg5 Re8 13. a3 Nxe4 14. Bxe7 Rxe7 15. Bxe4 a6 16. b4 Qc7 17. Rac1 Nf6 18. Rc3 Nxe4 19. Qxe4 e5 20. Nf3 g6 21. c5 Bd7 22. Qe3 Bg4 23. Rd6 Bxf3 24. Qxf3 Rae8 25. Qd5 Qc8 26. Rf3 Qg4 27. h3 Qc8 28. g4 Kg7 29. Kg2 Re6 30. Rd7 R8e7 31. Rd6 e4 32. Qd4+ Re5 33. Re3 f5 34. Kg1 fxg4 35. Rxe4 Qf5 36. Rxe5 Qxe5 37. Qxe5+ Rxe5 38. hxg4 Re7 39. Kg2 h6 40. a4 Kf7 41. Kf3 Rc7 42. Kf4 Kg7 43. a5 Kf7 44. Rb6 Re7 45. c6 bxc6 46. Rxc6 Rb7 47. Rb6 Rc7 48. Rxa6 Rc4+ 49. Ke5 Rxb4 50. Rb6 Ra4 51. a6 Ra5+ 52. Kd4 h5 53. gxh5 gxh5 1-0

[Event "Moscow-ch"]
[Site "Moscow"]
[Date "1996.??.??"]
[Round "9"]
[White "Glagolev, Boris"]
[Black "Sakov, Anatolij J"]
[Result "0-1"]
[WhiteElo "2055"]
[BlackElo "2275"]
[PlyCount "74"]
[EventDate "1996.08.??"]
[EventType "swiss"]
[EventRounds "11"]
[EventCountry "RUS"]
[SourceTitle "CBM 055 Extra"]
[Source "ChessBase"]
[SourceDate "1997.01.01"]
[SourceVersion "1"]
[SourceVersionDate "1997.01.01"]
[SourceQuality "1"]

1. d4 f5 2. c4 g6 3. Nc3 Bg7 4. g3 Nf6 5. Bg2 0-0 6. b3 d6 7. Nf3 Nc6 8. 0-0 e5 9. e3 e4 10. Nd2 Qe8 11. Bb2 g5 12. a3 Ne7 13. d5 Ng6 14. Ne2 Bd7 15. Qc2 Ne5 16. Bxe5 Qxe5 17. Nd4 Rae8 18. Rae1 g4 19. Nb1 h5 20. Rd1 Nh7 21. Nc3 Ng5 22. Nce2 h4 23. gxh4 Nf3+ 24. Bxf3 gxf3 25. Nf4 Bh6 26. Ng6 Qf6 27. Kh1 Rf7 28. Rg1 Rg7 29. Qd2 Kf7 30. h5 b6 31. b4 Rh7 32. h4 Rg8 33. Rg3 Bg5 34. Ne6 Bxh4 35. Nef4 Bxg3 36. fxg3 Rxg6 37. Nxg6 Qxg6 0-1

[Event "Moscow-ch"]
[Site "Moscow"]
[Date "1996.??.??"]
[Round "6"]
[White "Sakov, Anatolij J"]
[Black "Rozanov, Pavel B"]
[Result "1/2-1/2"]
[WhiteElo "2275"]
[BlackElo "2205"]
[PlyCount "127"]
[EventDate "1996.08.??"]
[EventType "swiss"]
[EventRounds "11"]
[EventCountry "RUS"]
[SourceTitle "CBM 055 Extra"]
[Source "ChessBase"]
[SourceDate "1997.01.01"]
[SourceVersion "1"]
[SourceVersionDate "1997.01.01"]
[SourceQuality "1"]

1. g3 e5 2. Bg2 d5 3. c4 c6 4. Qc2 Nf6 5. d3 Bb4+ 6. Bd2 Bxd2+ 7. Nxd2 0-0 8. Rc1 Re8 9. e3 Bf5 10. e4 dxe4 11. dxe4 Bg4 12. f3 Be6 13. Ne2 Na6 14. Qc3 Nc5 15. Rc2 Nd3+ 16. Kf1 Qd7 17. Nc1 Nxc1 18. Rxc1 Rad8 19. Ke2 h5 20. Rhd1 h4 21. Nf1 Qe7 22. b3 Nh5 23. Qe3 h3 24. Bh1 Qa3 25. Rxd8 Rxd8 26. Rc2 Nf6 27. Rd2 Nd7 28. f4 exf4 29. gxf4 Re8 30. Kf2 Nf6 31. Bf3 Bf5 32. Ng3 Bg4 33. Qe2 Qa5 34. Rd3 Bxf3 35. Kxf3 Rd8 36. Rxd8+ Qxd8 37. e5 Nd7 38. Ne4 Nf8 39. Ng5 Qd4 40. Nxh3 Ng6 41. Qf2 Qd3+ 42. Kg2 Qe4+ 43. Kg3 Qd3+ 44. Qf3 Qd8 45. Qe3 Qh4+ 46. Kg2 Qg4+ 47. Kf2 Ne7 48. Qf3 Qd7 49. Ke2 Ng6 50. Nf2 Qd4 51. Nd3 Qa1 52. f5 Nxe5 53. Nxe5 Qxe5+ 54. Kd3 Qxh2 55. Qe3 Qd6+ 56. Kc2 Qf6 57. Qe8+ Kh7 58. Qc8 b5 59. cxb5 cxb5 60. Qc5 a6 61. a4 bxa4 62. bxa4 Kh6 63. Kd3 Kg5 64. Ke4 1/2-1/2